000 00299nam a2200109Ia 4500
001 1266648
005 20260417145118.0
008 260417s9999 xx 000 0 und d
020 _a9789752127821
245 0 _aKöpek Adam -7 Toplar Kimin İçin Yuvarlanıyo
_cDav Pilkey
260 _bAltın Kitaplar
999 _c1266648
_d1266648